Facing zero population growth (Record no. 62977)

MARC details
000 -LEADER
fixed length control field 00904nam a2200181 a 4500
008 - FIXED-LENGTH DATA ELEMENTS--GENERAL INFORMATION
fixed length control field 120416s1978 ||||||||||||||||| || u
020 ## - INTERNATIONAL STANDARD BOOK NUMBER
International Standard Book Number 0822304120
050 ## - LIBRARY OF CONGRESS CALL NUMBER
Classification number HB 871 Spe
100 ## - MAIN ENTRY--PERSONAL NAME
Personal name Spengler, Joseph J
245 10 - TITLE STATEMENT
Title Facing zero population growth
246 ## -
-- reactions and interpretations, past and present
260 ## - PUBLICATION, DISTRIBUTION, ETC.
Place of publication, distribution, etc. Durham, [N.C]
Name of publisher, distributor, etc. Duke University Press
Date of publication, distribution, etc. 1978
350 ## -
-- 0.00
650 ## - SUBJECT ADDED ENTRY--TOPICAL TERM
Topical term or geographic name entry element POPULATION GROWTH
995 ## -
-- ANNEX COLLECTION (Main Library)
-- 0.00
-- 712432
-- CBU-MAIN LIBRARY (Kitwe)
-- 2
-- 25.00
-- HB 871 Spe
-- 2
-- AVAILABLE
-- 002404
-- Annex Low-Usage Collection
995 ## -
-- ANNEX COLLECTION (Main Library)
-- 0.00
-- 712430
-- CBU-MAIN LIBRARY (Kitwe)
-- 1
-- 25.00
-- HB 871 Spe
-- 1
-- AVAILABLE
-- 002405
-- Annex Low-Usage Collection
995 ## -
-- ANNEX COLLECTION (Main Library)
-- 0.00
-- 712431
-- CBU-MAIN LIBRARY (Kitwe)
-- 3
-- 25.00
-- HB 871 Spe
-- 3
-- AVAILABLE
-- 002403
-- Annex Low-Usage Collection
999 ## -
-- 62977
-- 62977
Holdings
Withdrawn status Lost status Source of classification or shelving scheme Damaged status Not for loan Permanent Location Current Location Shelving location Date acquired Total Checkouts Full call number Barcode Date last seen Price effective from Koha item type
          CBU-MAIN LIBRARY, KITWE. CBU-MAIN LIBRARY, KITWE.   12/16/2022   HB 871 Spe 002404 12/16/2022 12/16/2022 MONOGRAPH
Withdrawn         CBU-MAIN LIBRARY, KITWE. CBU-MAIN LIBRARY, KITWE.   12/16/2022   HB 871 Spe 002405 12/16/2022 12/16/2022 MONOGRAPH
          CBU-MAIN LIBRARY, KITWE. CBU-MAIN LIBRARY, KITWE.   12/16/2022   HB 871 Spe 002403 12/16/2022 12/16/2022 MONOGRAPH